Statistics for Guess Numbers to 100

Click here to take the quiz!

General Stats

  • This quiz has been taken 49 times
  • The average score is 90 of 100

Answer Stats

Number% Correct
1
100%
2
97%
7
97%
10
94%
11
94%
21
94%
22
94%
23
94%
24
94%
25
94%
3
94%
30
94%
31
94%
4
94%
41
94%
5
94%
51
94%
6
94%
61
94%
8
94%
9
94%
20
92%
26
92%
29
92%
34
92%
35
92%
36
92%
37
92%
38
92%
39
92%
40
92%
42
92%
43
92%
44
92%
45
92%
46
92%
47
92%
49
92%
50
92%
52
92%
53
92%
54
92%
55
92%
56
92%
57
92%
58
92%
59
92%
60
92%
62
92%
63
92%
64
92%
65
92%
66
92%
71
92%
12
89%
14
89%
15
89%
16
89%
17
89%
18
89%
19
89%
27
89%
28
89%
32
89%
33
89%
48
89%
67
89%
68
89%
69
89%
70
89%
72
89%
73
89%
74
89%
75
89%
76
89%
77
89%
78
89%
79
89%
81
89%
13
86%
80
86%
87
86%
82
83%
83
83%
84
83%
85
83%
86
83%
100
81%
88
81%
89
81%
90
81%
91
81%
92
81%
95
81%
96
81%
97
81%
98
81%
99
81%
93
78%
94
78%

Score Distribution

Percentile by Number Answered

Percent of People with Each Score

Your Score History

You have not taken this quiz